<The> Tax/benefit position of employees 1995-1996
Salvato in:
| Natura: | Libro |
|---|---|
| Lingua: | inglese francese |
| Pubblicazione: |
Paris
OECD
1998
|
| Soggetti: | |
| Tags: |
Nessun Tag, puoi essere il primo ad aggiungerne!!
|
MARC
| LEADER | 00000nam a2200000 4500 | ||
|---|---|---|---|
| 001 | c120042 | ||
| 005 | 20240104114728.7 | ||
| 020 | |a 92-64-05541-X | ||
| 041 | 0 | |a eng | |
| 041 | 0 | |a fre | |
| 044 | |a FR | ||
| 245 | 1 | 0 | |a <The> Tax/benefit position of employees 1995-1996 |
| 264 | 1 | |a Paris |b OECD |c 1998 | |
| 300 | |a 404 s. | ||
| 610 | 2 | 0 | |a dane |
| 610 | 2 | 0 | |a daňovníci |
| 610 | 2 | 0 | |a úľavy daňové |
| 610 | 2 | 0 | |a ukazovatele štatistické |
| 610 | 2 | 0 | |a svet |
| 610 | 2 | 0 | |a OECD |